Marriage, registration and divorce in Ghana : (Record no. 167)
[ view plain ]
| 000 -LEADER | |
|---|---|
| fixed length control field | 00684cam a2200205 i 4500 |
| 001 - CONTROL NUMBER | |
| control field | 20805565 |
| 005 - DATE AND TIME OF LATEST TRANSACTION | |
| control field | 20241024104022.0 |
| 008 - FIXED-LENGTH DATA ELEMENTS--GENERAL INFORMATION | |
| fixed length control field | 190110s2018 gh b 000 0 eng |
| 020 ## - INTERNATIONAL STANDARD BOOK NUMBER | |
| International Standard Book Number | 9789988277680 |
| Qualifying information | (paperback) |
| 050 00 - LIBRARY OF CONGRESS CALL NUMBER | |
| Classification number | KRX543 |
| Item number | .A97 2018 |
| 100 1# - MAIN ENTRY--PERSONAL NAME | |
| Personal name | Aribike, Oladele Kwaku, |
| Relator term | author. |
| Dates associated with a name | 2018 |
| 245 10 - TITLE STATEMENT | |
| Title | Marriage, registration and divorce in Ghana : |
| Remainder of title | law and procedure / |
| Statement of responsibility, etc. | Oladele Kwaku Aribike. |
| 300 ## - PHYSICAL DESCRIPTION | |
| Extent | xviii, 245 pages ; |
| Dimensions | 22 cm |
| 650 #0 - SUBJECT ADDED ENTRY--TOPICAL TERM | |
| Topical term or geographic name entry element | Marriage law |
| Geographic subdivision | Ghana. |
| 650 #0 - SUBJECT ADDED ENTRY--TOPICAL TERM | |
| Topical term or geographic name entry element | Divorce |
| General subdivision | Law and legislation |
| Geographic subdivision | Ghana. |
| 650 #0 - SUBJECT ADDED ENTRY--TOPICAL TERM | |
| Topical term or geographic name entry element | Marriage records |
| Geographic subdivision | Ghana. |
| 650 #0 - SUBJECT ADDED ENTRY--TOPICAL TERM | |
| Topical term or geographic name entry element | Divorce records |
| Geographic subdivision | Ghana. |
| 650 #0 - SUBJECT ADDED ENTRY--TOPICAL TERM | |
| Topical term or geographic name entry element | Recording and registration |
| Geographic subdivision | Ghana. |
| 942 ## - ADDED ENTRY ELEMENTS (KOHA) | |
| Source of classification or shelving scheme | Library of Congress Classification |
| Koha item type | Books |
| Suppress in OPAC | No |
| 999 ## - | |
| -- | 167 |
| -- | 167 |
| Withdrawn status | Lost status | Source of classification or shelving scheme | Damaged status | Not for loan | Home library | Current library | Shelving location | Date acquired | Total checkouts | Full call number | Barcode | Date last seen | Price effective from | Koha item type |
|---|---|---|---|---|---|---|---|---|---|---|---|---|---|---|
| Library of Congress Classification | Law Library (Miotso) | Law Library (Miotso) | Reference | 10/24/2024 | KRX543 ARI | LLM00000249 | 10/24/2024 | 10/24/2024 | Books |